<?xml version="1.0" encoding="UTF-8"?>
<collection xmlns="http://www.loc.gov/MARC21/slim">
 <record>
  <leader>02067pamaa2200205   4500</leader>
  <controlfield tag="001">0000044923</controlfield>
  <controlfield tag="005">20100116090000.0</controlfield>
  <datafield tag="020" ind1="0" ind2="0">
   <subfield code="a">9780137154999 (pbk.) </subfield>
  </datafield>
  <datafield tag="090" ind1="0" ind2="0">
   <subfield code="a">HG4523 </subfield>
   <subfield code="b">FAB 2009</subfield>
  </datafield>
  <datafield tag="100" ind1="1" ind2="0">
   <subfield code="a">Fabozzi </subfield>
  </datafield>
  <datafield tag="245" ind1="1" ind2="0">
   <subfield code="a">Capital markets : </subfield>
   <subfield code="b">institutions and instruments  </subfield>
   <subfield code="c">Frank J. Fabozzi and Franco Modigliani.</subfield>
  </datafield>
  <datafield tag="250" ind1="0" ind2="0">
   <subfield code="a">4th ed..</subfield>
  </datafield>
  <datafield tag="260" ind1="0" ind2="0">
   <subfield code="a">Upper Saddle River, NJ: </subfield>
   <subfield code="b">Pearson Prentice Hall, </subfield>
   <subfield code="c">2009.</subfield>
  </datafield>
  <datafield tag="300" ind1=" " ind2=" ">
   <subfield code="a">xvi, 680 p.: </subfield>
   <subfield code="b">ill.; </subfield>
   <subfield code="c">27 cm.</subfield>
  </datafield>
  <datafield tag="500" ind1="0" ind2="0">
   <subfield code="a">DCAU</subfield>
  </datafield>
  <datafield tag="504" ind1="0" ind2="0">
   <subfield code="a">Includes bibliographical references and index</subfield>
  </datafield>
  <datafield tag="505" ind1="0" ind2="0">
   <subfield code="a">Introduction -- Overview of market participants and financial innovation -- Depository institutions -- Insurance companies -- Asset management firms -- Investment banking firms -- Primary and secondary markets -- Risk and return theories: I -- Risk and return theories: II -- Introduction to financial futures markets -- Introduction to options markets -- Introduction to swaps, caps, and floors markets -- Common stock market: I -- Common stock market: II -- Stock options market -- The market for stock index products and other equity derivatives -- The theory and structure of interest rates -- Valuation of debt contracts and their price volatility characteristics -- The term structure of interest rates -- Money markets -- Treasury and agency securities markets -- Corporate senior instruments markets: I -- Corporate senior instruments markets: II -- Municipal securities markets -- The residential mortgage market -- The market for residential mortgage/backed securities -- Market for asset-backed securities -- Commercial mortgage loans and commercial mortgage/backed securities -- International bond markets -- Market for interest rate risk transfer vehicles: exchange-traded products -- Market for interest rate risk transfer vehicles: OTC instruments -- Market for credit risk transfer vehicles: credit derivatives and collateralized debt obligations -- The market for foreign exchange and risk control instruments</subfield>
  </datafield>
  <datafield tag="650" ind1="0" ind2="0">
   <subfield code="a">Capital market </subfield>
  </datafield>
  <datafield tag="700" ind1="1" ind2="1">
   <subfield code="a">Modigliani, </subfield>
   <subfield code="h">Franco </subfield>
  </datafield>
  <datafield tag="901" ind1=" " ind2=" ">
   <subfield code="u">http://www.prenticehall.com</subfield>
  </datafield>
 </record>
</collection>
